000 00515nam a2200193Ia 4500
003 GCL
008 140319s9999 xx 000 0 eng d
040 _aGCL /
_cGCL
082 0 4 _a004.6
_bP U
100 1 _aPIKE, MARY ANNE
245 1 0 _aUSING THE INTERNET WITH WINDOWS 95: THE MOST COMPLETE REFERENCE /
_cPIKE, MARY ANNE
260 _a[S.N] :
_bQUE ،
_c1996
300 _a1296 P
650 0 4 _aشعر الحرب
650 0 4 _aWORLD WIDE WEB
650 0 4 _aINTERNET
650 0 4 _aWINDOWS 95
942 _2ddc
_cBK
999 _c13705
_d13705